Statistics for Most Visited Tourist Attractions By Country

Click here to take the quiz!

General Stats

  • This quiz has been taken 49 times
  • The average score is 3 of 10

Answer Stats

CountryAttraction% Correct
FranceThe Eiffel Tower
96%
USAThe Statue Of Liberty
64%
ItalyThe Colosseum In Rome
49%
FranceThe Louvre Museum
47%
NetherlandsThe Anne Frank House
11%
ItalyThe Grand Canal
9%
ItalyThe Vatican Museums
7%
SpainThe Basilica de la Sagrada Familia
2%
USAThe French Quarter
2%
USAThe Skydeck
2%

Score Distribution

Percentile by Number Answered

Percent of People with Each Score

Your Score History

You have not taken this quiz